000 00317nam a22001217a 4500
999 _c14917
_d14917
082 _a664.02 JUN/FO
100 _aSOOJIN JUN, Edi,
_aJOSEPH M. IRUDAYARAJ
_92187
245 _aFood processing operations modeling: Design and analysis
250 _a2
260 _aFlorida
_bCRC Prses
_c2017
300 _a355
942 _cBK